[Event "Moscow Aeroflot op-A"]
[Site "Moscow"]
[Date "2007.02.18"]
[Round "5"]
[White "Yakovich, Yuri"]
[Black "Naiditsch, Arkadij"]
[Result "1-0"]
[WhiteElo "2577"]
[BlackElo "2663"]
[Annotator "Reeh,O"]
[PlyCount "45"]
[EventDate "2007.02.14"]
[EventType "swiss"]
[EventRounds "9"]
[EventCountry "RUS"]
[SourceTitle "CBM 117"]
[Source "ChessBase"]
[SourceDate "2007.03.30"]
[SourceVersion "1"]
[SourceVersionDate "2007.03.30"]
[SourceQuality "1"]

1. d4 Nf6 2. c4 g6 3. Nc3 d5 4. Bf4 Bg7 5. e3 c5 6. dxc5 Qa5 7. Rc1 dxc4 8.
Bxc4 O-O 9. Nf3 Qxc5 10. Bb3 Nc6 11. O-O Qa5 12. Qe2 Nh5 13. Bg5 h6 14. Bh4 g5
{[%tqu "En","What would you play with White here?","Black's fifth rank is
sensitive.","Black's knight on h5 is hanging.","f1d1","A good one!  White has
this useful intermediate move, since after 15...gxh4 16.Rd5 he would win back
the knight on h5 with advantage.",10,"f3g5","Tempting, but premature.  This
actually loses a piece, though White is not completely without chances
afterwards.",0,"De","Was würden Sie hier mit Weiß spielen?","Die fünfte Reihe
von Schwarz ist anfällig.","Der schwarze Springer h5 ist ungedeckt.","f1d1",
"Gut gespielt!  Weiß hat diesen nützlichen Zwischenzug, da er nach 15...gxh4
16.Td5 den Springer auf h5 vorteilhaft zurückgewinnen würde.",10,"f3g5",
"Verlockend, aber voreilig.  Dies verliert letztlich eine Figur, wenngleich
Weiß auch danach nicht völlig chancenlos ist.",0]} 15. Rfd1 $1 ({Premature
would be Voreilig wäre} 15. Nxg5 $2 hxg5 16. Qxh5 {due to wegen} gxh4 {
(Black's queen on a5 ist protected!). (die schwarze Dame auf a5 ist gedeckt!).}
) 15... e6 ({After Nach} 15... gxh4 16. Rd5 $14 {wins back the piece with
advantage. gewinnt Weiß die Figur vorteilhaft zurück.}) 16. Bg3 Nxg3 17. hxg3
b6 18. Ne4 Ne5 ({With Mit} 18... Ba6 {Black could have prevented the following
onslaught. hätte Schwarz den folgenden Überfall verhindern können.}) {[%tqu
"En","How would you play with White?","Black's king position is weakened. If
White had the queen on h5...","Rip open Black's king position!","f3g5",
"Strong!  Please also try to figure out what happens if Black does not accept
this sacrifice.",15,"f3e5","Followed by 20.Nd6, this is a very sound
positional continuation - but remember, this is the tactics section!",10,"De",
"Wie würden Sie mit Weiß spielen?","Die schwarze Königsstellung ist geschwächt.
Wenn Weiß mit der Dame nach h5 käme...","Reißen Sie die schwarze
Königsstellung auf!","f3g5","Stark!  Bitte versuchen Sie aber auch zu
überlegen, was passiert, wenn Schwarz dieses Opfer ablehnt.",15,"f3e5",
"Gefolgt von 20.Sd6 ist dies eine kerngesunde positionelle Fortsetzung - aber
dies ist doch die Taktikrubrik!",10]} 19. Nfxg5 $1 ({An quieter alternative
was Eine ruhigere Alternative war} 19. Nxe5 Qxe5 20. Nd6 {e.g. z.B.} Qxb2 21.
Rc2 Qf6 22. Rc7 {with good compensation for the pawn. mit guter Kompensation
für den Bauern.}) 19... hxg5 ({Attempts to decline the sacrifice seem to fail:
Versuche, das Opfer abzulehnen, sind offenbar zum Scheitern verurteilt:} 19...
Bb7 {would find the vigorous reply fände die kraftvolle Antwort} 20. Rc7 Bd5
21. Qc2 {eyeing h7! mit Blickrichtung h7!}) ({and also after und auch nach} 
19... Ba6 20. Qh5 Bd3 21. Rc7 $1 {Black is not to be envied, e.g. ist Schwarz
nicht zu beneiden, z.B.} hxg5 22. Rxd3 $1) {[%tqu "En","How would you continue
White's attack?","Which move restricts Black's kingside most?","Don't let
Black's bishop go to h6!","e4g5","After this Black can save himself with
accurate defence - the bishop comes to h6!",0,"e2h5","The best continuation,
which would have prevented the following black move.",10,"De","Wie würden Sie
den weißen Angriff fortsetzen?","Welcher Zug schnürt den schwarzen
Königsflügel am meisten ein?","Lassen Sie den schwarzen Läufer nicht nach h6!",
"e4g5","Danach kann sich Schwarz bei genauer Verteidigung retten - der Läufer
kommt nach h6!",0,"e2h5","Die beste Fortsetzung, die den folgenden schwarzen
Partiezug verhindert hätte.",10]} 20. Nxg5 $2 {After this Black can save
himself with accurate defence. Danach kann Schwarz sich bei genauer
Verteidigung halten.} ({Much stronger was Viel stärker war zuerst} 20. Qh5 $1 {
which would have prevented the following black move. , was den folgenden
schwarzen Zug verhindert hätte.}) 20... Bh6 $1 21. Qh5 Bxg5 $2 {Missing
White's cool answer. Übersieht die coole weiße Antwort.} ({Necessary was
Erforderlich war} 21... Kg7 {, e.g. z.B.} 22. Rc7 Bxg5 {and if White now
continues like in the game, Black has the reply 23...Nd7. und wenn Weiß jetzt
wie in der Partie fortsetzt, hat Schwarz die Erwiderung 23...Nd7.}) {[%tqu
"En","How would you continue White's attack?","Resist the temptation - and
weaken Black's position first!","","b3c2","Bravo!!  The cool mate threat on h7
forces Black to weaken his position and wins time for the coup de grace.  Add
yourself another 20 (yes, twenty!) points if you have seen here already how
White wins after the reply 22...Kg7.",15,"h5g5","Oh no!  This spoils
everything since after 22...Ng6 the white attack comes to a standstill.",0,
"De","Wie würden Sie den weißen Angriff fortsetzen?","Widerstehen Sie der
Verlockung - und versuchen Sie, erst die schwarze Stellung zu schwächen!","",
"b3c2","Bravo!!  Die coole Mattdrohung auf h7 zwingt Schwarz, seine Stellung
zu schwächen, und gewinnt so Zeit für den Gnadenstoß.  Geben Sie sich 20
Punkte extra (jawohl, zwanzig!), wenn Sie bereits hier gesehen haben, wie Weiß
nach der Erwiderung 22...Kg7 gewinnt.",15,"h5g5","Oh nein!  Dies verdirbt
alles, denn nach 22...Sg6 kommt der weiße Angriff zum Stillstand.",0]} 22. Bc2
$3 {Simply threatening mate in one - and preparing a move of which piece...!?
Droht schlicht einzügig matt - und bereitet einen Zug welcher Figur vor...!?} (
{After Nach} 22. Qxg5+ $2 Ng6 {White would have less than nothing. hätte Weiß
gar nichts.}) 22... Kg7 ({Black is helpless: Schwarz ist hilflos:} 22... f5 23.
Qxg5+ Kf7 24. Be4 $1 {and the threat 25.Rc7+ decides. und die Drohung 25.Rc7+
entscheidet.}) (22... Re8 23. Qxg5+ Ng6 24. Qh6 Nf8 (24... Qe5 25. Bxg6 fxg6
26. Qxg6+) 25. Rd4 $1) ({or oder} 22... Ng6 23. Bxg6 fxg6 24. Qxg6+ Kh8 25. Rc7
$1) {[%tqu "En","White to play and win!","If the white queen takes on g5,
Black must reply Ng6 when his queen on a5 is defended. So...?","Deflect the
black queen from a5!","b2b4","Splendid!  A pawn move on the queenside
concludes an attack on the king on the other wing!",15,"De","Weiß zieht und
gewinnt!","Wenn die weiße Dame auf g5 nimmt, muss Schwarz Sg6 erwidern, wonach
seine Dame auf a5 gedeckt ist. Also...?","Lenken Sie die schwarze Dame von a5
ab!","b2b4","Prächtig!  Ein Bauernzug am Damenflügel vollendet einen
Königsangriff auf der anderen Seite!",15]} 23. b4 $3 {Forcing the queen on e5
either to abandon the fifth rank or to move onto an unprotected square. Zwingt
die Dame a5, entweder die fünfte Reihe aufzugeben oder auf ein ungedecktes
Feld zu ziehen!} (23. b4 {and Black resigned since he is left without defence:
und Schwarz gab auf, denn er ist ohne Verteidigung:} Qb5 (23... Nf3+ 24. gxf3
Qe5 25. f4 Bxf4 26. Qh7+ Kf6 27. exf4 $18) (23... Qxb4 24. Qxg5+ Ng6 25. Bxg6
fxg6 26. Rc7+ Rf7 27. Qe5+ Kg8 28. Rd8+) 24. Qxg5+ Ng6 25. Qxb5) 1-0

[Event "Olympiad-37"]
[Site "Turin"]
[Date "2006.05.27"]
[Round "6"]
[White "Petkov, Vladimir"]
[Black "Hillarp Persson, Tiger"]
[Result "0-1"]
[WhiteElo "2500"]
[BlackElo "2524"]
[Annotator "Reeh,O"]
[PlyCount "54"]
[EventDate "2006.05.21"]
[EventType "team-swiss"]
[EventRounds "13"]
[EventCountry "ITA"]
[SourceTitle "CBM 113"]
[Source "ChessBase"]
[SourceDate "2006.07.31"]
[SourceVersion "1"]
[SourceVersionDate "2006.07.31"]
[SourceQuality "1"]
[WhiteTeam "Bulgaria"]
[BlackTeam "Sweden"]
[WhiteTeamCountry "BUL"]
[BlackTeamCountry "SWE"]

1. d4 d5 2. c4 c6 3. Nf3 Nf6 4. Qc2 g6 5. Nc3 Bg7 6. Bf4 O-O 7. e3 c5 8. dxc5
Qa5 9. Nd2 dxc4 10. Nxc4 Qxc5 11. a3 Be6 12. b4 Qc8 13. Rc1 Nc6 14. b5 Nd4 15.
Qa4 Nf5 16. Be2 Bxc4 17. Bxc4 Nh5 18. Ne2 Nxf4 19. Bxf7+ $6 {This wins the
queen, but allows Black strong counterplay against the white king in the
centre. Safer would have been the simple 19.Nxf4 Gewinnt die Dame, überlässt
Schwarz aber starkes Gegenspiel gegen den weißen König in der Mitte. Sicherer
war das einache 19.Nxf4} Kxf7 20. Rxc8 Nxg2+ {Of course. Natürlich.} 21. Kf1
Ngxe3+ 22. fxe3 Raxc8 23. Qb3+ Ke8 24. Kg2 $2 {White's wish to finally get his
rook h1 into play is completely understandable, yet the king goes into the
wrong direction. Der Wunsch des Anziehenden, endlich seinen Turm h1 ins Spiel
zu bringen, ist völlig verständlich, doch der König geht in die falsche
Richtung.} (24. Ke1 {was necessary, although after war nötig, obwohl nach} Bh6
{is at least not in danger of losing. Schwarz zumindest in keinerlei
Verlustgefahr schwebt.}) {[%tqu "En","Black act energetically here, otherwise
White gets time to consolidate. Yet he has a beautiful continuation here.
Which one?","If the black knight could take the pawn on e3 which is protected
by the queen, the white king would be in a mating net.","Interrupt the
connection between the queen and the pawn on e3!","c8c3","Initiating a mate
attack without queen!",20,"De","Schwarz muss hier energisch fortsetzen,
andernfalls bekommt Weiß Zeit, sich zu konsolideren. Doch er hat eine
wunderschöne Fortsetzung zur Verfügung. Welche?","Wenn der schwarze Springer
den Bauern auf e3 nehmen dürfte, der von der Dame gedeckt wird, geriete der
weiße König in ein Mattnetz.","Unterbrechen Sie die Verbindung der weißen Dame
zum Bauern e3!","c8c3","Leitet einen Mattangriff ohne Dame ein!",20]} 24... Rc3
$1 {Initiating a mate attack without queen! Leitet einen Mattangriff ohne Dame
ein!} (24... Nh4+ $2 25. Kh3 {and White is better. und Weiß steht besser.}) 25.
Nxc3 (25. Qe6 {can only delay the inevitable: kann das Unvermeidliche nur
hinauszögern:} Nxe3+ 26. Kh3 (26. Kg1 Rf1#) 26... Rf3+ 27. Ng3 {[%tqu "En",
"Black has driven the white king to the edge of the board, and now he can
finish him off. How?","Black can threaten a mate in one, including the rook
into the attack which has done such a marvelous job on move 24...","","c3c5",
"The knight g3 is pinned, and Black threatens the deadly Rh5++.",15,"De",
"Schwarz hat den weißen König an den Rand getrieben und kann ihn nun dort zur
Strecke bringen. Wie?","Schwarz kann einzügig Matt drohen, wobei er die Figur
in den Angriff einschaltet, die im 24. Zug so großartig gezogen hat...","",
"c3c5","Der Springer g3 ist gefesselt, und Schwarz droht das tödliche Th5++.",
15]} Rc5 $1 28. Qg8+ Bf8 29. Kh4 (29. Qxh7 Rh5+) 29... Rf4+ 30. Kh3 g5 31. Ne2
g4+ 32. Kh4 Nf5+ 33. Kg5 Nh6+ {and White loses the queen anyway. und Weiß
verliert die Dame doch.}) (25. Qxc3 Bxc3 26. Nxc3 Nxe3+ {with an easily won
endgame. mit leicht gewonnenem Endspiel.}) 25... Nxe3+ 26. Kg3 (26. Kg1 Rf1#)
26... Be5+ 27. Kh4 Rf4+ {and White resigned - mate is inevitable. und Weiß gab
auf - er wird unweigerlich matt.} (27... Rf4+ 28. Kh3 (28. Kg5 Rf5+ 29. Kh6 (
29. Kh4 Rh5#) 29... Rh5#) 28... Rf3+ 29. Kh4 Bf6#) 0-1

[Event "Olympiad-38"]
[Site "Dresden"]
[Date "2008.11.21"]
[Round "8"]
[White "Khenkin, Igor"]
[Black "Roiz, Michael"]
[Result "1/2-1/2"]
[WhiteElo "2647"]
[BlackElo "2677"]
[Annotator "Roiz,M"]
[PlyCount "60"]
[EventDate "2008.11.13"]
[EventType "team-swiss"]
[EventRounds "11"]
[EventCountry "GER"]
[SourceTitle "CBM 128"]
[Source "ChessBase"]
[SourceDate "2009.01.28"]
[SourceVersion "1"]
[SourceVersionDate "2009.01.28"]
[SourceQuality "1"]
[WhiteTeam "Germany"]
[BlackTeam "Israel"]
[WhiteTeamCountry "GER"]
[BlackTeamCountry "ISR"]

1. d4 Nf6 2. c4 g6 3. Nc3 d5 4. Bf4 ({My preparation was mainly based on:} 4.
cxd5 Nxd5 5. e4 Nxc3 6. bxc3 Bg7 7. Nf3 c5 8. Be3 {which is Igor's favourite
line in the Gruenfeld.}) 4... Bg7 5. e3 c5 (5... O-O 6. cxd5 Nxd5 7. Nxd5 Qxd5
8. Bxc7 {is not to everyone's taste!}) 6. dxc5 Qa5 7. Rc1 dxc4 8. Bxc4 O-O 9.
Nf3 {This came as a surprise for me.} (9. Nge2 Qxc5 10. Qb3 {is much more
common nowadays.}) 9... Qxc5 10. Bb3 Nc6 11. O-O Qa5 12. h3 Bf5 13. Qe2 Ne4 14.
Nxe4 $5 {This looks completely unambitious, but some accuracy is still
required from Black here.} ({The latest game saw:} 14. Nd5 e5 15. Bh2 ({
I knew only a little about} 15. Rxc6 bxc6 16. Ne7+ Kh8 17. Nxc6 Qb6 18. Ncxe5
Be6 $132) 15... Be6 16. Rfd1 Rfd8 17. Qc4 Nf6 18. e4 Rac8 19. Ng5 Nd4 20. Ne7+
Kf8 21. Nxe6+ Kxe7 22. Nxd8 Rxc4 23. Bxc4 Ne8 24. Nxf7 b5 25. Bd5 Ne2+ 26. Kh1
Nxc1 27. Rxc1 Qd2 28. Rc8 Qxf2 29. Bg1 Qf1 $11 {1/2-1/2 Kramnik,V-Kamsky,G/
Moscow RUS 2008 (37)}) 14... Bxe4 15. Rfd1 Qh5 {This move is very natural -
Black pins the Nf3, so the placement of the Be4 is secured.} ({I also
considered:} 15... Rad8 $5 16. Rxd8 (16. Ng5 Bd5 17. Bc7 Qxc7 18. Bxd5 Qa5 19.
Qc4 e6 20. Bxc6 Rxd1+ 21. Rxd1 bxc6 $15) 16... Nxd8 (16... Rxd8 17. Bxf7+ Kxf7
18. Ng5+ Kg8 19. Nxe4 Qxa2 20. Nc5 Qxb2 21. Qc4+ Kh8 22. Nxb7 Qxb7 23. Qxc6
Qxc6 24. Rxc6 $14) 17. Ng5 Bc6 $11) ({I didn't like:} 15... e6 16. Ng5 (16. Nd2
Bd5 17. Nc4 Bxc4 18. Bxc4 Rfd8 $11) (16. Rd7 Ne5 17. Nxe5 Bxe5 18. Bxe5 Qxe5
$11) 16... Bd5 17. Bxd5 exd5 18. Bd6 Rfd8 19. b4 $1 $36 {and White has some
initiative for free.}) ({For some reason the simple} 15... Bxf3 16. Qxf3 Bxb2 {
wasn't to my taste. However, in practice Black doesn't face any problems after
that:} 17. Rd5 (17. Rb1 Be5 18. Rd5 Qc3 19. Bxe5 Nxe5 20. Qf4 Nc6 21. Rd7 Na5
22. Rxe7 Nxb3 23. Rxb3 Qa1+ 24. Kh2 Qxa2 25. Rbxb7 a5 $11 {1/2-1/2 Sokolov,
I-Sutovsky,E/Neum 2004/CBM 102 (45)}) 17... Qa3 18. Rb1 Bg7 19. Rd7 Ne5 20.
Bxe5 Bxe5 21. Qxb7 Bf6 $11 {1/2-1/2 Riazantsev,A-Maslak,K/Novokuznetsk RUS
2008 (43)}) 16. Rd7 (16. Rc4 $6 Bd5 17. Rc2 Bxb3 18. axb3 Rfd8 $15 {1/2-1/2
Andersson,U-Navara,D/Gothenburg 2005/CBM 109 (39)}) 16... e6 $6 ({Much simpler
was:} 16... Rad8 17. Rcd1 (17. Rxd8 Nxd8 18. Rc7 Bf6 $11) 17... Rxd7 18. Rxd7
Bf6 19. Qd1 Qb5 20. Nd2 Bf5 21. Rd5 Qb6 $11) 17. Bc2 {The game Lysyj-Shirov,
RUS-chT Dagomys was drawn already at this moment. As Igor told me after the
game, according to his analysis White could continue without any risk.} Bxf3
18. Qxf3 Qxf3 19. gxf3 Ne5 ({The endgame arising after} 19... Bxb2 20. Rb1 Be5
21. Bh6 (21. Bg5 $5) 21... Rfd8 22. Rbxb7 Rxd7 23. Rxd7 Rd8 24. Rb7 Rb8 25.
Rxb8+ Bxb8 $14 {should be drawn, White is slighty better due to his pair of
bishops.}) 20. Rxb7 {Allowing an unpleasant pin.} (20. Bxe5 Bxe5 21. f4 (21.
Be4 Bxb2 22. Rcc7 (22. Rb1 Bf6 23. Rbxb7 a5 24. Rxf7 Rxf7 25. Rxf7 Kxf7 26.
Bxa8 g5 $11) 22... Rad8 $11) 21... Bxb2 22. Rb1 Bf6 23. Rbxb7 a5 24. Bb3 Rad8
$11 {Black swaps the rooks and equalises.}) ({The quiet move} 20. Rc7 $5 Nxf3+
21. Kg2 Nh4+ 22. Kg3 Bxb2 23. Rb1 Bf6 24. Rbxb7 $14 {led to an interesting
situation - although Black is a pawn up, he has to play very accurately, since
White's pieces are much more active.}) 20... Rfc8 21. e4 Nxf3+ 22. Kf1 $6 ({
We both missed a nice tactical idea:} 22. Kg2 $142 Ne1+ ({the point is:} 22...
Rxc2 23. Kxf3 Rxb2 24. Rxa7 $3 $14 Rxa7 $140 $4 25. Rc8+ Bf8 26. Bh6 $18) 23.
Rxe1 Rxc2 24. Rc1 $14 {and the endgame is still quite unpleasant for Black.})
22... g5 {Now White is unable to prevent the exchange of his dark-squared
bishop, so Black is out of danger.} (22... Be5 23. Be3 Bd4 24. Bh6 (24. Bf4 g5
$17) (24. Bd1 Bxe3 25. Rxc8+ Rxc8 26. fxe3 Nd2+ 27. Ke1 Nxe4 28. Rxa7 $13) (24.
Ke2 Ng1+ $1 25. Kd3 Bxe3 $17) 24... Bg7 25. Be3 $11) 23. Be3 Bd4 24. Bd1 Bxe3 (
24... Rxc1 25. Bxc1 Rc8 26. Be3 {leads to the same position.}) 25. Rxc8+ Rxc8
26. fxe3 ({Of course not} 26. Bxf3 $2 Rc1+ 27. Ke2 Bb6 $17) 26... Nd2+ 27. Kg2
(27. Ke2 $6 Nxe4 28. Rxa7 Rd8 {looks dangerous for White, as he has no time
for advancing his pawns.}) 27... Nxe4 28. Rxa7 Rc1 29. Bh5 Rc2+ 30. Kg1 (30.
Kf1 $4 Ng3+ 31. Ke1 Nxh5 $19) 30... Rc1+ 1/2-1/2